000
00331nam a22001457a 4500
003
SGT
020
_a
9789387462410
082
_a
070
_b
A18K
100
_a
KUSHVAHA, SUBHASH CHANDR
245
_a
AVADH KA KISAN VIDROH 1920 -1922
260
_b
RAAJKAMAL PAPERBACKS
_c
2018
300
_a
327
650
_a
JOURNALISM
942
_2
ddc
_c
BK
999
_c
28441
_d
28441